Responses for show #3971 - Monday, December 3, 2001

Kathy Cassity game 1.

Contestants

Marek Karwowski, a trade consultant from Toronto, Canada

Kathy Cassity, a closed captioner from Honolulu, Hawaii

Frank Stasio, a data analyst from New York, New York (whose 2-day cash winnings total $42,000)

Jeopardy! Round responses

BILL SHAKESPEARE, P.I.
(Alex: Private investigator.)
HOLIDAYS & OBSERVANCES
BEATLES SONGS
(Alex: We want you to name each cheesy country of origin for...)
CHEESY COUNTRIES
"UM"
D.C.
    $200 1
Romeo

Frank
    $200 6
Memorial Day

Kathy
    $200 11
Eleanor Rigby

Kathy
    $200 8
(Marek: U.S....what is the U.S.?)
(Alex: Remember your phrasing in the form of a question.)

United States

Marek
    $200 24
(Alex: Minute to go.)

chum

Frank
    $200 19
"Boss"

Kathy
    $400 2
Othello

Kathy
    $400 7
"Auld Lang Syne"

Marek
    $400 12
"When I'm Sixty-Four"

Marek
    $400 9
England

Marek
    $400 27
(Marek: What is a drum?)
[Initially ruled incorrect; reversed before Double Jeopardy!]

eardrum

KathyMarek
    $400 20
Jefferson Memorial

Kathy
    $1,000 3
(Kathy: Who is Macbeth?)

Richard III

Kathy
    $600 16
Mother's Day

Triple Stumper
    $600 13
(Kathy: What is the English Channel?)

Sea of Green

KathyMarek
    $600 10
France

Frank
    $600 21
Pennsylvania Avenue

Marek
    $800 4
Macbeth

Kathy
    $800 17
(Alex: Kathy, I'm glad you rang in first...the lady from Honolulu gets it!)

Kamehameha

Kathy
    $800 14
"Back in the U.S.S.R."

Frank
    $800 22
(Marek: What is Spain?)

Italy

KathyMarek
    $800 25
(Frank: What is the Reflection Pool?)

the Tidal Basin

Frank
Triple Stumper
    $1000 5
(Marek: Who is Hamlet?)

Rosencrantz & Guildenstern

KathyMarek
    $1000 18
(Alex: And this will now stick in your mind forever!)

Wyoming

Triple Stumper
    $1000 15
"Nowhere Man"

Kathy
    $1000 23
Switzerland

Marek
    $1000 28
(Frank: What is chromium?)
....
[buzzer sounds to end the round]

aluminum

Frank
Triple Stumper
    $1000 26
"The Castle"

Triple Stumper

Scores at the first commercial break (after clue 13):

Frank Kathy Marek
$800 $1,000 $1,000

Scores at the end of the Jeopardy! Round:

Frank Kathy Marek
$0 $4,600 $2,200

Double Jeopardy! Round responses

AMERICAN HISTORY
FILMS OF THE FUTURE
INTERNATIONAL INTERNET CODES
SCRAMBLED GREEK GODS
20th CENTURY JOURNALISTS
"C.D."
    $400 12
Benjamin Franklin

Frank
    $400 1
Iraq

Kathy
    $400 7
Eros

Kathy
    $800 13
Tokyo Rose

Marek
    $800 6
30

Frank
    $800 2
Zimbabwe

Frank
    $800 8
Demeter

Kathy
    $800 22
(Alex: Less than a minute to go.)

H.L. Mencken

Frank
    $1200 17
the Old North Church

Triple Stumper
    $1200 14
Ethan Hawke

Frank
    $1200 3
St. Helena

Frank
    $1200 9
(Marek: Who is...Neptune?)

Poseidon

FrankMarek
    $1200 21
(Frank: Who is Pierre Salinger?)

Theodore H. White

Frank
Triple Stumper
    $1200 20
class dismissed

Triple Stumper
    $2,000 18
(Kathy: What is a Waldorf Salad?)

turkey for Thanksgiving

Kathy
    $1600 15
(Kathy: What is "Return to the Planet of the Apes?")

Beneath the Planet of the Apes

Kathy
Triple Stumper
    $1600 4
the Bahamas

Kathy
    $1600 10
Uranus

Kathy
    $1600 26
(Frank: Who is Hunter Thompson?)
(Marek: Who is Ken Kesey?)
....
[buzzer sounds to end the round]

Tom Wolfe

FrankMarek
Triple Stumper
    $1600 25
Civil Defense

Frank
    $2000 19
(Frank: Who was Geraldine Ferraro?)

Bella Abzug

FrankMarek
    $2000 16
Sleeper

Kathy
    $2000 5
Micronesia

Marek
    $2000 11
Aphrodite

Triple Stumper
    $2000 23
Ernie Pyle

Triple Stumper
    $2000 24
(Frank: What is the Great Divide?)

the Continental Divide

FrankMarek

Scores at the end of the Double Jeopardy! Round:

Frank Kathy Marek
$1,200 $7,800 $6,200

[wagering suggestions for these scores]

Final Jeopardy! Round responses

FICTIONAL PLACES
(Alex: We hope you've been reading a lot!)
(Alex: Garrison Keillor's fictional place where "The women are strong, the men are handsome & the kids are above average".)
FrankWhat is?
$1,200
MarekWhat
$6,190
KathyWhat is Lake Wobegon?
$4,600
Lake Wobegon

Final scores:

Frank Kathy Marek
$0 $12,400 $10
3rd place: HSN.com Shopping Spree New champion: $12,400 2nd place: Trip to Snowmass Club, Aspen, Colorado

Game dynamics:

Coryat scores:

Frank Kathy Marek
$1,200 $10,800 $6,200
12 R,
6 W
17 R,
4 W
(including 2 DDs)
12 R,
4 W

Combined Coryat: $18,200

The J! Archive is created by fans, for fans. The Jeopardy! game show and all elements thereof, including but not limited to copyright and trademark thereto, are the property of Jeopardy Productions, Inc. and are protected under law. This website is not affiliated with, sponsored by, or operated by Jeopardy Productions, Inc. Join the discussion at JBoard.tv.